000 00718nam a2200253Ia 4500
003 OSt
005 20220924130945.0
006 a|||||r|||| 00| 0
007 ta
008 220923b |||||||| |||| 00| 0 san d
024 _a20529
037 _cTextual
040 _aARTS
_cARTS
_bsan
041 _2san
_asan
082 _aO15,2:g, 111L4
100 _aBhattacharya Biswanath
_9200956
245 0 _aSanskrit drama and dramaturgy
260 _aVaranasi
_bBharat Manisha India
_c1974
300 _ax,434p.
_ccm.
490 _aBharat Manisha Research series; 1
650 _aSANSKRIT LITERATURE
942 _hO15,2:g, 111L4
_cTEXL
_2CC
999 _c425757
_d425757